000 00258nam a2200109Ia 4500
008 220204s9999 xx 000 0 und d
082 _a82-3
_bSHA
100 _aShakespeare, William
245 2 _aA Midsummer night's dream
260 _aJava
_bDax
942 _cBK
999 _c38644
_d38644